000 00940nas a2200313 4500
001 BR0502738
003 BR-BrBNA
005 20231205105420.0
007 ta
008 230509b bl.|||p| |||| 00| 00por d
040 _aBR-BrBNA
_bpor
_cBiblioteca Nacional de Agricultura
041 _a(Pt)
072 _aQ03
100 1 _aRibeiro, A.S.
100 1 _aGuerra, R. de M.S.N. de C.
100 1 _aCosta, F.N.
100 1 _aAlves, L.M.C.
245 1 _aAvaliação das condições higiênico-sanitárias de alfaces e águas de irrigação de hortas da ilha de São Luís, MA
650 _aALFACE
650 _aÁGUA DE IRRIGAÇÃO
650 _aHORTA
650 _aCOLIFORME
650 _aBACTÉRIA
650 _aCONTAMINAÇÃO
650 _aMARANHÃO
773 0 _tHigiene Alimentar (Brazil)
_xISSN 0101-9171
_g(Apr 2005), v. 19(130) p. 20-23
_wBR0502738
909 _a202311
_bLúcia
_c55
_dLúcia Elande
942 _2AGRIS
_n0
_cANA
999 _c182851
_d182851